000 01046nam a2200301 i 4500
003 DO-SdBNP
005 20250416133405.0
007 ta
008 250416b2024 dr ac||| |||| 00| 0 spa d
020 _a9789945654691
040 _aDO-SdBNP
_bspa
_cBNPHU
_erda
041 _aspa
082 4 _axxx
_bM385g
_222
100 1 _aMartínez Reyes, José Lino,
_eautor
_4aut.
_987121
245 1 4 _aGAT Análisis de las elecciones del 2024 /
_cJosé Lino Martínez ; prólogo, Vanahí Bello Dotel.
250 _aPrimera edición
264 _aSanto Domingo :
_bEditora Santuario,
_c2024.
300 _a118 páginas :
_bilustraciones, retratos ;
_c23 cm.
336 _atexto
_btxt
_2rdacontent
337 _asin mediación
_bn
_2rdamedia
338 _avolumen
_bnc
_2rdacarrier
500 _aIncluye datos biográficos del autor en la solapa de la cubierta.
500 _aIncluye notas al pie de las páginas
590 _aInventariado, 2025 /LP
700 1 _aBello Dotel, Vanahí,
_eprologuista
_4pr.
_987478
910 _aLP
942 _2ddc
_cLBS1
999 _c58320
_d58320